000 00241nam a2200109Ia 4500
008 200302s9999 xx 000 0 und d
100 _aCocinas
245 _aKichens Bathrooms
260 _bIdea Books Ltd.
260 _c2000
300 _a162 P.,
999 _c1527
_d1527